[Event "6th Agzamov Memorial"]
[Site "Tashkent UZB"]
[Date "2012.03.14"]
[Round "9"]
[White "Karimov, I."]
[Black "Muminova, N."]
[Result "0-1"]
[WhiteElo "2324"]
[BlackElo "2327"]
[PlyCount "92"]
[EventDate "2012.03.06"]
[EventType "swiss"]
[EventRounds "9"]
[EventCountry "UZB"]
[Source "Mark Crowther"]
[SourceDate "2012.03.19"]

1. d4 d5 2. Nf3 Nf6 3. e3 g6 4. c4 e6 5. Bd3 Bg7 6. Nbd2 O-O 7. O-O Nbd7 8. b3
b6 9. cxd5 exd5 10. Ba3 Re8 11. Rc1 Bb7 12. Bb5 a6 13. Bc6 Bxc6 14. Rxc6 Rc8
15. Qe2 Nb8 16. Rc2 Re6 17. Rfc1 Ne8 18. Nf1 Nd6 19. Ng3 Nb5 20. Bb2 c5 21.
dxc5 Bxb2 22. Rxb2 bxc5 23. Rbc2 Nd7 24. Qd1 Nc7 25. Ne1 Qe7 26. b4 c4 27. e4
Nb6 28. exd5 Ncxd5 29. a3 Nf4 30. Nf3 Rd8 31. Qf1 Rd3 32. Ra1 h5 33. h4 Rxf3
34. gxf3 Qxh4 35. a4 Nh3+ 36. Kg2 Nf4+ 37. Kg1 Nbd5 38. Rxc4 Nh3+ 39. Kg2 Ndf4+
40. Rxf4 Nxf4+ 41. Kg1 Qg5 42. Kh2 h4 43. Ne4 Qe5 44. Kh1 Qh5 45. Ra3 Qf5 46.
Nc5 Re1 0-1

[Event "6th Agzamov Memorial"]
[Site "Tashkent UZB"]
[Date "2012.03.14"]
[Round "9"]
[White "Kasyan, A."]
[Black "Galyamov, V."]
[Result "1-0"]
[WhiteElo "2336"]
[BlackElo "2198"]
[PlyCount "97"]
[EventDate "2012.03.06"]
[EventType "swiss"]
[EventRounds "9"]
[EventCountry "UZB"]
[Source "Mark Crowther"]
[SourceDate "2012.03.19"]

1. d4 e6 2. c4 d5 3. Nc3 Nf6 4. cxd5 exd5 5. Bg5 Be7 6. e3 O-O 7. Bd3 h6 8. Bh4
b6 9. Qc2 Nbd7 10. Nf3 c5 11. O-O Bb7 12. Ne5 Nxe5 13. dxe5 Ng4 14. Bg3 Bh4 15.
Rfd1 Qg5 16. Be2 Bxg3 17. hxg3 Rfd8 18. Bxg4 Qxg4 19. Nb5 Bc6 20. Nd6 Qe6 21.
f4 f6 22. Qg6 Rxd6 23. exd6 Qxe3+ 24. Kh2 d4 25. Re1 Qf2 26. Re4 Rf8 27. d7 d3
28. Rd1 d2 29. Qf5 Bxe4 30. Qe6+ Kh8 31. Qxe4 Qd4 32. Qxd4 cxd4 33. Rxd2 Rd8
34. Rxd4 Kg8 35. Kh3 Kf7 36. Kh4 g6 37. g4 Ke7 38. Re4+ Kf7 39. Rd4 Ke7 40. f5
g5+ 41. Kh5 Kf7 42. a4 Kg7 43. b4 Kf7 44. a5 bxa5 45. bxa5 Kg7 46. a6 Kh7 47.
Rb4 Rxd7 48. Rb7 Rg7 49. g3 1-0

[Event "6th Agzamov Memorial"]
[Site "Tashkent UZB"]
[Date "2012.03.14"]
[Round "9"]
[White "Mchedlishvili, M."]
[Black "Turov, M."]
[Result "1/2-1/2"]
[WhiteElo "2626"]
[BlackElo "2658"]
[PlyCount "60"]
[EventDate "2012.03.06"]
[EventType "swiss"]
[EventRounds "9"]
[EventCountry "UZB"]
[Source "Mark Crowther"]
[SourceDate "2012.03.19"]

1. e4 c6 2. d4 d5 3. Nc3 dxe4 4. Nxe4 Bf5 5. Ng3 Bg6 6. h4 h6 7. Nf3 Nd7 8. h5
Bh7 9. Bd3 Bxd3 10. Qxd3 e6 11. Bd2 Ngf6 12. O-O-O Be7 13. Ne4 Nxe4 14. Qxe4
Nf6 15. Qe2 Qd5 16. c4 Qe4 17. Qxe4 Nxe4 18. Be3 f5 19. Nd2 Nxd2 20. Kxd2 Kf7
21. Ke2 Rhd8 22. Rd3 Rd7 23. Rhd1 Rad8 24. b3 Bf6 25. f3 a6 26. Bf2 Ke7 27. Bg1
Kf7 28. Be3 Ke7 29. Bf2 Kf7 30. Be3 Ke7 1/2-1/2

[Event "6th Agzamov Memorial"]
[Site "Tashkent UZB"]
[Date "2012.03.14"]
[Round "9"]
[White "Megaranto, S."]
[Black "Djuraev, S."]
[Result "1-0"]
[WhiteElo "2528"]
[BlackElo "2377"]
[PlyCount "85"]
[EventDate "2012.03.06"]
[EventType "swiss"]
[EventRounds "9"]
[EventCountry "UZB"]
[Source "Mark Crowther"]
[SourceDate "2012.03.19"]

1. c3 e5 2. d4 d6 3. g3 Nd7 4. Bg2 Ngf6 5. e4 Be7 6. Ne2 O-O 7. O-O c6 8. c4
exd4 9. Nxd4 Re8 10. Nc3 Bf8 11. b3 Nc5 12. Qc2 a5 13. Bb2 Ne6 14. Nxe6 Bxe6
15. Rad1 Nd7 16. Ne2 Qb6 17. Bd4 Qb4 18. a3 Qxa3 19. Ra1 Qb4 20. Ra4 Qxa4 21.
bxa4 Ne5 22. c5 Nc4 23. cxd6 Bxd6 24. Nf4 Bxf4 25. gxf4 f6 26. e5 f5 27. Rd1
Rac8 28. Bc5 b6 29. Bf1 b5 30. Rd4 Red8 31. Rxc4 bxc4 32. Bb6 Rd7 33. Bxc4 Bxc4
34. Qxc4+ Rd5 35. Bxa5 Kf7 36. Bb4 Ke6 37. a5 Kd7 38. a6 Ra8 39. Bc5 Kc7 40. a7
g6 41. Qb4 Rxc5 42. Qxc5 Kb7 43. e6 1-0

[Event "6th Agzamov Memorial"]
[Site "Tashkent UZB"]
[Date "2012.03.14"]
[Round "9"]
[White "Nakhbayeva, G."]
[Black "Kotsur, P."]
[Result "1/2-1/2"]
[WhiteElo "2276"]
[BlackElo "2589"]
[PlyCount "35"]
[EventDate "2012.03.06"]
[EventType "swiss"]
[EventRounds "9"]
[EventCountry "UZB"]
[Source "Mark Crowther"]
[SourceDate "2012.03.19"]

1. d4 e6 2. c4 Nf6 3. Nf3 b6 4. g3 Bb7 5. Bg2 Be7 6. O-O O-O 7. Re1 d5 8. cxd5
exd5 9. Nc3 Na6 10. Bf4 Re8 11. Qa4 c5 12. Rad1 Qc8 13. h3 Bc6 14. Qc2 Bb7 15.
Qa4 Bc6 16. Qc2 Bb7 17. Qa4 Bc6 18. Qc2 1/2-1/2

[Event "6th Agzamov Memorial"]
[Site "Tashkent UZB"]
[Date "2012.03.14"]
[Round "9"]
[White "Saidov, B."]
[Black "Azarov, S."]
[Result "1/2-1/2"]
[WhiteElo "2389"]
[BlackElo "2667"]
[PlyCount "156"]
[EventDate "2012.03.06"]
[EventType "swiss"]
[EventRounds "9"]
[EventCountry "UZB"]
[Source "Mark Crowther"]
[SourceDate "2012.03.19"]

1. e4 c5 2. Nf3 d6 3. d4 cxd4 4. Nxd4 Nf6 5. f3 Nc6 6. c4 Qb6 7. Nc2 e6 8. Nc3
Be7 9. Qd3 O-O 10. Be3 Qc7 11. Qd2 Rd8 12. Rc1 d5 13. cxd5 exd5 14. exd5 Be6
15. Bf4 Qa5 16. Ne3 Nxd5 17. Nc4 Qc5 18. Ne4 Qb4 19. a3 Qxd2+ 20. Bxd2 Rac8 21.
Ne3 Nd4 22. Rxc8 Rxc8 23. Nxd5 Bxd5 24. Bd3 Bh4+ 25. Ng3 Nb3 26. Bc3 Be7 27.
Be4 Bxe4 28. Nxe4 Bxa3 29. bxa3 f5 30. Nd6 Rxc3 31. O-O Rd3 32. Nxf5 g6 33.
Ne7+ Kf8 34. Nc8 Nd4 35. Nxa7 Rxa3 36. Nc8 b5 37. Rd1 Ne2+ 38. Kf2 Nc3 39. Rd7
b4 40. Rb7 b3 41. Kg3 Ne2+ 42. Kg4 Nd4 43. Nd6 Ra5 44. Kf4 Rd5 45. Nc4 Rb5 46.
Rxb5 Nxb5 47. Nb2 Kf7 48. Ke5 Na3 49. f4 Nc2 50. g4 Ne3 51. h3 h6 52. Ke4 Ng2
53. Ke5 Nh4 54. Nd3 Ng2 55. Nb2 Ke7 56. Nc4 Kf8 57. Nb2 Kg7 58. Nc4 Ne1 59. Nb2
Nf3+ 60. Ke4 Ng1 61. h4 Ne2 62. Ke3 Nc3 63. Kd4 Ne2+ 64. Ke3 Ng3 65. Kf3 Nf1
66. Kf2 Nd2 67. Ke3 Nb1 68. Kd4 Kf6 69. Nd3 h5 70. gxh5 gxh5 71. Kc4 Nd2+ 72.
Kc3 Nf3 73. Kxb3 Nxh4 74. Kc2 Kf5 75. Kd2 Kg4 76. Ke3 Nf5+ 77. Kf2 h4 78. Ne5+
Kxf4 1/2-1/2

[Event "6th Agzamov Memorial"]
[Site "Tashkent UZB"]
[Date "2012.03.14"]
[Round "9"]
[White "Solodovnichenko, Y."]
[Black "Egin, V."]
[Result "1/2-1/2"]
[WhiteElo "2615"]
[BlackElo "2412"]
[PlyCount "98"]
[EventDate "2012.03.06"]
[EventType "swiss"]
[EventRounds "9"]
[EventCountry "UZB"]
[Source "Mark Crowther"]
[SourceDate "2012.03.19"]

1. e4 e5 2. Nf3 Nf6 3. Nxe5 d6 4. Nf3 Nxe4 5. d4 d5 6. Bd3 Be7 7. O-O Nc6 8. c4
Nf6 9. Nc3 O-O 10. h3 Nb4 11. Be2 dxc4 12. Bxc4 c6 13. Re1 Nbd5 14. Bg5 Be6 15.
Qb3 Qb6 16. Nxd5 cxd5 17. Qxb6 axb6 18. Bb3 Bb4 19. Bd2 Bd6 20. Ne5 Ne4 21. Bf4
g5 22. Be3 h6 23. h4 Be7 24. f3 Nd6 25. hxg5 hxg5 26. Bd2 Rfc8 27. Bb4 Kg7 28.
Re2 Bf8 29. Rd1 Rc7 30. Nd3 Kf6 31. g4 Rd8 32. Kg2 Be7 33. Be1 Nb5 34. Bg3 Bd6
35. Ne5 Rcc8 36. Ba4 Na7 37. f4 gxf4 38. Bh4+ Kg7 39. Bxd8 Rxd8 40. Kf3 Rh8 41.
g5 Rh4 42. Rg1 b5 43. Bb3 Nc6 44. Nxc6 bxc6 45. g6 Rh3+ 46. Kf2 Be7 47. gxf7+
Kxf7 48. Ke1 f3 49. Rf1 Bg4 1/2-1/2

[Event "6th Agzamov Memorial"]
[Site "Tashkent UZB"]
[Date "2012.03.14"]
[Round "9"]
[White "Temirov, B."]
[Black "Kurbonboeva, Sarvinoz"]
[Result "1/2-1/2"]
[WhiteElo "2322"]
[BlackElo "2193"]
[PlyCount "132"]
[EventDate "2012.03.06"]
[EventType "swiss"]
[EventRounds "9"]
[EventCountry "UZB"]
[Source "Mark Crowther"]
[SourceDate "2012.03.19"]

1. d4 Nf6 2. c4 g6 3. Nc3 Bg7 4. e4 d6 5. h3 e5 6. dxe5 dxe5 7. Qxd8+ Kxd8 8.
Nf3 Nbd7 9. Bg5 c6 10. Be2 h6 11. Be3 Re8 12. O-O-O Kc7 13. g4 Nh7 14. Kb1 Nhf8
15. Rc1 Ne6 16. Rhd1 Bf8 17. a3 a5 18. Rc2 a4 19. Rcd2 Nec5 20. Rg1 b6 21. Ne1
Ba6 22. Nc2 Red8 23. Rdd1 Bb7 24. f3 Ne6 25. Rgf1 Ndc5 26. f4 Rxd1+ 27. Bxd1
exf4 28. Bxf4+ Kd7 29. Be3 Ke8 30. Nd4 Nxd4 31. Bxd4 b5 32. cxb5 cxb5 33. Nxb5
Bxe4+ 34. Bc2 Bxc2+ 35. Kxc2 Ne6 36. Be5 Rc8+ 37. Nc3 Be7 38. Re1 f5 39. gxf5
gxf5 40. Kb1 Rc4 41. Nd5 Bc5 42. Bf4 Kf7 43. Bxh6 Rh4 44. Bc1 Bd6 45. Rf1 f4
46. Nc3 Rxh3 47. Nxa4 Kf6 48. Nc3 Kf5 49. a4 Nc5 50. a5 Rh8 51. Nd5 Nd3 52. Bd2
Ke4 53. Nf6+ Kf5 54. Nd5 Ke4 55. Nb6 Bc7 56. Nc4 Kd5 57. b3 Nc5 58. Kc2 Rf8 59.
Bb4 Rb8 60. Nb6+ Bxb6 61. axb6 Rxb6 62. Rxf4 Ne6 63. Rh4 Nd4+ 64. Kc3 Nc6 65.
Rh5+ Ne5 66. Bf8 Rg6 1/2-1/2

[Event "6th Agzamov Memorial"]
[Site "Tashkent UZB"]
[Date "2012.03.14"]
[Round "9"]
[White "Vakhidov, J."]
[Black "Akhmetov, Ay"]
[Result "1/2-1/2"]
[WhiteElo "2396"]
[BlackElo "2211"]
[PlyCount "71"]
[EventDate "2012.03.06"]
[EventType "swiss"]
[EventRounds "9"]
[EventCountry "UZB"]
[Source "Mark Crowther"]
[SourceDate "2012.03.19"]

1. d4 Nf6 2. c4 c5 3. d5 e6 4. Nc3 exd5 5. cxd5 d6 6. e4 g6 7. Nge2 a6 8. a4
Bg7 9. Ng3 O-O 10. Be2 Nbd7 11. O-O Ne8 12. Be3 Rb8 13. Qd2 Nc7 14. Bg5 Bf6 15.
Bxf6 Qxf6 16. f4 Qg7 17. Kh1 Kh8 18. Rab1 h5 19. e5 dxe5 20. f5 Ne8 21. Nge4 b6
22. fxg6 fxg6 23. Ng5 Ndf6 24. Qe3 Qe7 25. Ne6 Bxe6 26. dxe6 Ng7 27. Qh3 Qxe6
28. Qxe6 Nxe6 29. Bxa6 Nd4 30. h3 h4 31. b4 Nd7 32. Rfd1 Rfd8 33. Ne4 Ra8 34.
Bb5 Nxb5 35. axb5 cxb4 36. Ng5 1/2-1/2

[Event "6th Agzamov Memorial"]
[Site "Tashkent UZB"]
[Date "2012.03.14"]
[Round "9"]
[White "Ziatdinov, R."]
[Black "Dzhumaev, M."]
[Result "0-1"]
[WhiteElo "2368"]
[BlackElo "2494"]
[PlyCount "98"]
[EventDate "2012.03.06"]
[EventType "swiss"]
[EventRounds "9"]
[EventCountry "UZB"]
[Source "Mark Crowther"]
[SourceDate "2012.03.19"]

1. e4 d6 2. d4 g6 3. Nf3 Bg7 4. Be2 Nf6 5. Nc3 O-O 6. O-O c6 7. Qd2 Nbd7 8. Rd1
Qc7 9. Qg5 b5 10. Qh4 b4 11. Nb1 c5 12. d5 e6 13. dxe6 fxe6 14. Ng5 Ne5 15. f4
Nc6 16. Bc4 Qe7 17. Nd2 h6 18. Ngf3 Bb7 19. e5 Nd5 20. Qxe7 Ncxe7 21. Ne4 Nxf4
22. exd6 Nf5 23. Bxf4 Bxe4 24. Bxe6+ Kh7 25. Bxf5 Rxf5 26. d7 Bxb2 27. Rab1
Bxc2 28. Rxb2 Bxd1 29. Bc7 Bxf3 30. d8=Q Rxd8 31. Bxd8 Rd5 32. Be7 Be4 33. Re2
Bd3 34. Re6 a5 35. Rd6 Rxd6 36. Bxd6 c4 37. a3 c3 38. axb4 c2 39. Bf4 axb4 40.
Kf2 g5 41. Bc1 Kg6 42. Ke3 Bf1 43. g3 Kh5 44. Kd2 Kg4 45. Bb2 Kh3 46. Bg7 h5
47. Bf6 Kxh2 48. Bxg5 Kxg3 49. Kxc2 Bc4 0-1